Politik organisasi dalam penilaian prestasi : realiti atau persepsi
| Main Author: | |
|---|---|
| Format: | Book |
| Published: |
Sintok :
Penerbit Universiti Utara Malaysia ,
2001
|
| Subjects: |
MARC
| LEADER | 00000cam a2200000 7i4500 | ||
|---|---|---|---|
| 001 | 0000093796 | ||
| 005 | 20051014.0 | ||
| 020 | |a 9839559850 | ||
| 090 | 0 | 0 | |a 658.3125 |b ABA |
| 100 | 0 | |a Ab.Aziz Yusof | |
| 245 | 1 | 0 | |a Politik organisasi dalam penilaian prestasi : |b realiti atau persepsi |c Ab. Aziz Yusof |
| 260 | |a Sintok : |b Penerbit Universiti Utara Malaysia , |c 2001 | ||
| 300 | |a 351p. ; |c 22cm. | ||
| 650 | 0 | 0 | |a Employee |x Rating of |
| 650 | 0 | 0 | |a Organizational behavior |
| 650 | 0 | 0 | |a Personnel management |
| 999 | |a 00184953 |b BUKU |c PINJAMAN |e PERPUSTAKAAN KOMUNITI PETALING JAYA | ||